<?xml version="1.0" encoding="UTF-8"?>
<collection xmlns="http://www.loc.gov/MARC21/slim">
 <record>
  <leader>00406nam a2200145 c 4500</leader>
  <controlfield tag="001">bibPHI0042821</controlfield>
  <controlfield tag="005">20200924124830.4</controlfield>
  <controlfield tag="008">040305s2003    hu a     b    001 0 hun d</controlfield>
  <datafield tag="100" ind1="2" ind2=" ">
   <subfield code="a">Kissné Lux Ilona</subfield>
  </datafield>
  <datafield tag="245" ind1="1" ind2="0">
   <subfield code="a">Filozófusok az emberről</subfield>
   <subfield code="c">Kissné Lux Ilona</subfield>
  </datafield>
  <datafield tag="250" ind1=" " ind2=" ">
   <subfield code="a">2. átd. kiad.</subfield>
  </datafield>
  <datafield tag="260" ind1=" " ind2=" ">
   <subfield code="a">[Budapest]</subfield>
   <subfield code="b">Magister '93</subfield>
   <subfield code="c">[2003]</subfield>
  </datafield>
  <datafield tag="300" ind1=" " ind2=" ">
   <subfield code="a">221 p.</subfield>
  </datafield>
  <datafield tag="695" ind1=" " ind2=" ">
   <subfield code="a">filozófiatörténet</subfield>
  </datafield>
  <datafield tag="695" ind1=" " ind2=" ">
   <subfield code="a">kultúrantropológia</subfield>
  </datafield>
 </record>
</collection>
